[Event "Titled Tuesday intern op 20th Sep Late"]
[Site "Chess.com INT"]
[Date "2022.09.20"]
[Round "6"]
[White "Wang, Michael Lei"]
[Black "Salas Arros, Cristian Eduardo"]
[Result "0-1"]
[WhiteElo "1805"]
[BlackElo "2363"]
[PlyCount "54"]
[EventDate "2022.09.20"]
[EventType "swiss (blitz)"]
[EventRounds "11"]
[EventCountry "USA"]
[SourceTitle "EXT 2023"]
[Source "ChessBase"]
[SourceDate "2022.10.05"]
[SourceVersion "1"]
[SourceVersionDate "2022.10.05"]
[SourceQuality "1"]

1. d4 e6 2. e4 d5 3. Nc3 Bb4 4. e5 c5 5. a3 Bxc3+ 6. bxc3 Ne7 7. Qg4 Qc7 8. Bd3 cxd4 9. Ne2 dxc3 10. Qxg7 Rg8 11. Qxh7 Qxe5 12. h4 Nd7 13. Bf4 Qf6 14. Bg5 Qh8 15. Qxh8 Rxh8 16. Nxc3 a6 17. a4 f6 18. Bc1 e5 19. Ba3 e4 20. Bxe7 exd3 21. Nxd5 Kf7 22. Ba3 dxc2 23. Rc1 Ne5 24. Rxc2 Nc6 25. Nb6 Bf5 26. Rxc6 Rae8+ 27. Kd2 bxc6 0-1

[Event "Titled Tuesday intern op 31st May Late"]
[Site "Chess.com INT"]
[Date "2022.05.31"]
[Round "2"]
[White "Wang, Michael Lei"]
[Black "Estrada Nieto, Julian"]
[Result "0-1"]
[WhiteElo "1798"]
[BlackElo "2263"]
[PlyCount "102"]
[EventDate "2022.05.31"]
[EventType "swiss (blitz)"]
[EventRounds "11"]
[EventCountry "USA"]
[SourceTitle "CBM 208 Extra"]
[Source "ChessBase"]
[SourceDate "2022.07.31"]
[SourceVersion "1"]
[SourceVersionDate "2022.07.31"]
[SourceQuality "1"]

1. d4 d5 2. c4 dxc4 3. Nf3 Nf6 4. e3 Be6 5. Na3 Bd5 6. Bxc4 e6 7. Bd3 c5 8. Nc2 Nc6 9. 0-0 Be7 10. dxc5 Bxc5 11. b3 0-0 12. Bb2 Bxf3 13. gxf3 Qe7 14. Qe2 Rfd8 15. Rad1 Bd6 16. f4 Nd5 17. Qh5 g6 18. Qh6 Qf8 19. Qxf8+ Kxf8 20. a3 Rac8 21. Be4 Nce7 22. Bxd5 Nxd5 23. Nd4 a6 24. Rc1 Ke7 25. Kg2 Kd7 26. Kf3 Rxc1 27. Rxc1 Rc8 28. Rxc8 Kxc8 29. h3 Kd7 30. Ke4 Nf6+ 31. Kd3 Nd5 32. Ke4 f6 33. h4 h5 34. Kf3 Be7 35. Ke4 f5+ 36. Kf3 Bxh4 37. Ke2 Bf6 38. Kd3 Bxd4 39. Bxd4 Kc6 40. Be5 b5 41. f3 a5 42. e4 Nb6 43. Ke3 a4 44. bxa4 bxa4 45. Kf2 Nc4 46. Bf6 Nxa3 47. Kg3 Nc4 48. Kh4 Nd2 49. Kg5 Nxf3+ 50. Kxg6 fxe4 51. Kxh5 Kd5 0-1

[Event "Titled Tuesday intern op 09th Mar"]
[Site "Chess.com INT"]
[Date "2021.03.09"]
[Round "4"]
[White "Mammadov, Ziya Parviz"]
[Black "Wang, Michael Lei"]
[Result "1-0"]
[WhiteElo "1438"]
[BlackElo "1860"]
[PlyCount "163"]
[EventDate "2021.03.09"]
[EventType "swiss (blitz)"]
[EventRounds "11"]
[EventCountry "USA"]
[SourceTitle "CBM 201 Extra"]
[Source "ChessBase"]
[SourceDate "2021.05.31"]
[SourceVersion "1"]
[SourceVersionDate "2021.05.31"]
[SourceQuality "1"]

1. e4 c6 2. Nf3 d5 3. exd5 cxd5 4. d4 Bg4 5. c4 Nf6 6. Nc3 e6 7. cxd5 Nxd5 8. Nxd5 Qxd5 9. a3 Nc6 10. Be3 Bxf3 11. Qxf3 Qxf3 12. gxf3 0-0-0 13. Rc1 Kb8 14. Rd1 Be7 15. Bb5 Bf6 16. Bxc6 bxc6 17. 0-0 Rd5 18. Rc1 Kb7 19. Rc4 Rhd8 20. Rb4+ Kc7 21. Bf4+ e5 22. dxe5 Bxe5 23. Rc1 Rd1+ 24. Rxd1 Rxd1+ 25. Kg2 Bxf4 26. Rxf4 f6 27. Rh4 h6 28. Re4 Rd2 29. b4 Kd6 30. h4 Rd3 31. a4 Ra3 32. a5 Ra4 33. Rg4 g5 34. hxg5 hxg5 35. Rd4+ Kc7 36. Rc4 Kb7 37. Kg3 a6 38. Kg4 Ra2 39. Kg3 Kc7 40. Re4 Kd6 41. Rd4+ Ke6 42. Rc4 Kd5 43. Rc5+ Kd6 44. Rf5 Ke6 45. Rc5 Kd7 46. Rf5 Rb2 47. Rxf6 Rxb4 48. Rf7+ Kd6 49. Ra7 Ra4 50. Rxa6 Kd5 51. Ra7 Kc5 52. Rg7 Rxa5 53. Rxg5+ Kb6 54. Rxa5 Kxa5 55. Kf4 c5 56. Ke3 Kb5 57. f4 c4 58. f5 Ka4 59. f6 Kb3 60. f7 c3 61. f8Q c2 62. Qb8+ Ka2 63. Qa7+ Kb1 64. Qb6+ Kc1 65. Qa5 Kd1 66. Qa1+ c1Q+ 67. Qxc1+ Kxc1 68. f4 Kc2 69. f5 Kc3 70. f6 Kc4 71. f7 Kd5 72. f8Q Ke6 73. Qg7 Kd6 74. Kd4 Kc6 75. Qe7 Kb6 76. Kc4 Ka6 77. Qd6+ Ka7 78. Qc6 Kb8 79. Kb5 Ka7 80. Qd7+ Kb8 81. Kb6 Ka8 82. Qe8# 1-0

[Event "Titled Tuesday intern op 23rd Feb"]
[Site "Chess.com INT"]
[Date "2021.02.23"]
[Round "3"]
[White "Kaminski, Victor Kazimierz"]
[Black "Wang, Michael Lei"]
[Result "1-0"]
[WhiteElo "2247"]
[BlackElo "1860"]
[PlyCount "151"]
[EventDate "2021.02.23"]
[EventType "swiss (blitz)"]
[EventRounds "11"]
[EventCountry "USA"]
[SourceTitle "CBM 200 Extra"]
[Source "ChessBase"]
[SourceDate "2021.03.31"]
[SourceVersion "1"]
[SourceVersionDate "2021.03.31"]
[SourceQuality "1"]

1. e4 c6 2. Nf3 d5 3. d3 Bg4 4. h3 Bxf3 5. Qxf3 e5 6. exd5 cxd5 7. Nc3 Ne7 8. g3 Nbc6 9. Bg2 Nd4 10. Qd1 g6 11. Bg5 Qa5 12. Bxe7 Bxe7 13. Bxd5 Bb4 14. Bxb7 Bxc3+ 15. bxc3 Qxc3+ 16. Kf1 Rb8 17. Bd5 Qxc2 18. Qxc2 Nxc2 19. Rc1 Nb4 20. Bc4 0-0 21. Kg2 Kg7 22. a3 Nc6 23. Bxf7 Nd4 24. Bd5 Rb2 25. Rc7+ Kh6 26. Rf1 Nc2 27. Kg1 Nxa3 28. Rxa7 Nc2 29. Ra2 Rfb8 30. Rxb2 Rxb2 31. Be4 Kg5 32. Rc1 Ra2 33. Kg2 Ne3+ 34. Kf3 Nc2 35. h4+ Kf6 36. Rb1 Nd4+ 37. Kg2 Ra6 38. Rb7 h6 39. Rh7 h5 40. Rb7 Ne6 41. Bd5 Rd6 42. Bc4 Rc6 43. Ra7 e4 44. Bd5 Rd6 45. dxe4 g5 46. Bxe6 Rxe6 47. hxg5+ Kxg5 48. f4+ Kh6 49. e5 Kg6 50. Kf3 Rb6 51. Ra3 Kf5 52. Re3 Re6 53. Kg2 h4 54. Kf3 Rg6 55. g4+ Rxg4 56. e6 Rxf4+ 57. Ke2 h3 58. e7 h2 59. e8Q h1Q 60. Qe6+ Kg5 61. Rg3+ Kh4 62. Qh6+ Kxg3 63. Qxh1 Rf7 64. Qe1+ Kg4 65. Qb4+ Kg5 66. Qc5+ Kg6 67. Ke3 Kf6 68. Ke4 Re7+ 69. Kf4 Re6 70. Qf8+ Kg6 71. Qf5+ Kg7 72. Qxe6 Kf8 73. Qd7 Kg8 74. Kg5 Kf8 75. Kg6 Kg8 76. Qg7# 1-0

[Event "Titled Tuesday intern op 23rd Feb"]
[Site "Chess.com INT"]
[Date "2021.02.23"]
[Round "10"]
[White "Locci, Damiano"]
[Black "Wang, Michael Lei"]
[Result "0-1"]
[WhiteElo "2216"]
[BlackElo "1860"]
[PlyCount "92"]
[EventDate "2021.02.23"]
[EventType "swiss (blitz)"]
[EventRounds "11"]
[EventCountry "USA"]
[SourceTitle "CBM 200 Extra"]
[Source "ChessBase"]
[SourceDate "2021.03.31"]
[SourceVersion "1"]
[SourceVersionDate "2021.03.31"]
[SourceQuality "1"]

1. d4 d5 2. Nc3 Bf5 3. f3 Nf6 4. g4 Bg6 5. g5 Nh5 6. e4 e6 7. a3 Nc6 8. Be3 f6 9. h4 Be7 10. Bh3 dxe4 11. Bxe6 Qd6 12. d5 Nd8 13. Nxe4 Bxe4 14. fxe4 Nxe6 15. Qxh5+ g6 16. Qg4 Ng7 17. 0-0-0 0-0 18. Bf4 Qc5 19. gxf6 Rxf6 20. e5 Rb6 21. Rh2 Rd8 22. h5 Rxd5 23. Nf3 Rxd1+ 24. Kxd1 Qd5+ 25. Nd2 Nf5 26. hxg6 Ne3+ 27. Bxe3 Rxg6 28. Qc8+ Kg7 29. c3 Qd3 30. Re2 Rh6 31. Qg4+ Rg6 32. Qe4 Qd7 33. Bd4 Qe6 34. Kc2 c5 35. Be3 b5 36. Nf3 b4 37. axb4 c4 38. Qxc4 Qxc4 39. Nd4 Bg5 40. Bf2 Bf4 41. e6 Kf8 42. e7+ Ke8 43. b5 Rd6 44. b3 Qf7 45. Ne6 Rxe6 46. Rxe6 Qxe6 0-1

[Event "Titled Tuesday intern op 23rd Feb"]
[Site "Chess.com INT"]
[Date "2021.02.23"]
[Round "1"]
[White "Wang, Michael Lei"]
[Black "Potapova, Margarita"]
[Result "0-1"]
[WhiteElo "1860"]
[BlackElo "2277"]
[PlyCount "54"]
[EventDate "2021.02.23"]
[EventType "swiss (blitz)"]
[EventRounds "11"]
[EventCountry "USA"]
[SourceTitle "CBM 200 Extra"]
[Source "ChessBase"]
[SourceDate "2021.03.31"]
[SourceVersion "1"]
[SourceVersionDate "2021.03.31"]
[SourceQuality "1"]

1. d4 Nf6 2. c4 e6 3. Nc3 Bb4 4. f3 d5 5. a3 Be7 6. e4 dxe4 7. fxe4 c5 8. d5 exd5 9. cxd5 0-0 10. Nf3 Bg4 11. Be2 Nbd7 12. 0-0 Bd6 13. Bg5 h6 14. Bh4 a6 15. a4 Qc7 16. h3 Bxf3 17. Bxf3 Be5 18. Ra3 c4 19. Ne2 Bxb2 20. Ra2 Be5 21. Kh1 c3 22. Qc1 b5 23. Rc2 b4 24. Qe1 Nc5 25. Bg3 Nd3 26. Bxe5 Qxe5 27. Qb1 Nxe4 0-1

[Event "Titled Tuesday intern op 22nd Dec"]
[Site "Chess.com INT"]
[Date "2020.12.22"]
[Round "4"]
[White "Korchmar, Vasiliy"]
[Black "Wang, Michael Lei"]
[Result "1-0"]
[WhiteElo "2451"]
[BlackElo "1860"]
[PlyCount "69"]
[EventDate "2020.12.22"]
[EventType "swiss (blitz)"]
[EventRounds "11"]
[EventCountry "USA"]
[SourceTitle "CBM 199 Extra"]
[Source "ChessBase"]
[SourceDate "2021.01.31"]
[SourceVersion "1"]
[SourceVersionDate "2021.01.31"]
[SourceQuality "1"]

1. e4 c6 2. Nf3 d5 3. Nc3 Bg4 4. h3 Bxf3 5. Qxf3 Nf6 6. d3 e6 7. g4 h6 8. Bg2 Bb4 9. 0-0 Bxc3 10. bxc3 dxe4 11. dxe4 Nbd7 12. Ba3 c5 13. Rfd1 Qa5 14. c4 0-0 15. h4 Ne5 16. Qg3 Nexg4 17. Bb2 e5 18. f3 Ne3 19. Bxe5 Nh5 20. Qf2 Nxd1 21. Rxd1 Rad8 22. Rd5 Rxd5 23. cxd5 Qxa2 24. Qxc5 Qb1+ 25. Kh2 Qe1 26. Qe7 g5 27. hxg5 Qh4+ 28. Kg1 Qxg5 29. Qxg5+ hxg5 30. Bc7 Nf4 31. d6 Ne6 32. Bh3 b5 33. Bxe6 fxe6 34. d7 a5 35. Bxa5 1-0

[Event "Titled Tuesday intern op 13th Oct"]
[Site "Chess.com INT"]
[Date "2020.10.13"]
[Round "6"]
[White "Wang, Michael Lei"]
[Black "Primbetov, Kazbek"]
[Result "0-1"]
[WhiteElo "1860"]
[BlackElo "2207"]
[PlyCount "114"]
[EventDate "2020.10.13"]
[EventType "swiss (blitz)"]
[EventRounds "10"]
[EventCountry "USA"]
[SourceTitle "CBM 198 Extra"]
[Source "ChessBase"]
[SourceDate "2020.11.30"]
[SourceVersion "1"]
[SourceVersionDate "2020.11.30"]
[SourceQuality "1"]

1. d4 Nf6 2. c4 g6 3. Nc3 Bg7 4. Nf3 d6 5. Bg5 h6 6. Bh4 Nbd7 7. e3 0-0 8. Be2 c6 9. 0-0 e5 10. Qc2 Re8 11. dxe5 dxe5 12. Rad1 Qe7 13. Nd2 a5 14. Nde4 g5 15. Bg3 Nxe4 16. Nxe4 f5 17. Nd6 f4 18. Qg6 Nf6 19. exf4 exf4 20. Nxe8 Nxe8 21. Bh5 Be6 22. Rfe1 Nc7 23. c5 fxg3 24. hxg3 Qf6 25. Qxf6 Bxf6 26. Rd6 Bxb2 27. Rexe6 Nxe6 28. Rxe6 Bd4 29. Rxh6 Bxc5 30. Rg6+ Kf8 31. Rxg5 Bd4 32. a4 Rd8 33. Rf5+ Ke7 34. Rf7+ Kd6 35. Rxb7 Rf8 36. Bf3 c5 37. Kf1 Re8 38. Rb1 c4 39. g4 c3 40. Rc1 Kc5 41. Be2 Kb4 42. Bb5 Rf8 43. f3 Rh8 44. Ke2 Rh2 45. Kd3 Bg7 46. f4 Rxg2 47. g5 Rd2+ 48. Ke3 Rg2 49. Bd3 Kb3 50. Rb1+ Kxa4 51. f5 Rxg5 52. Ra1+ Kb4 53. Kf4 Rg2 54. Rb1+ Rb2 55. Rg1 Bd4 56. f6 Bxg1 57. f7 Rf2+ 0-1

[Event "Titled Tuesday intern op 22nd Sept"]
[Site "Chess.com INT"]
[Date "2020.09.22"]
[Round "2"]
[White "Demin, Vladimir"]
[Black "Wang, Michael Lei"]
[Result "0-1"]
[WhiteElo "2430"]
[BlackElo "1860"]
[PlyCount "82"]
[EventDate "2020.09.22"]
[EventType "swiss (blitz)"]
[EventRounds "10"]
[EventCountry "USA"]
[SourceTitle "CBM 198 Extra"]
[Source "ChessBase"]
[SourceDate "2020.11.30"]
[SourceVersion "1"]
[SourceVersionDate "2020.11.30"]
[SourceQuality "1"]

1. e4 c6 2. d4 d5 3. e5 Bf5 4. Ne2 h6 5. Ng3 Bh7 6. h4 e6 7. h5 c5 8. dxc5 Bxc5 9. Bd3 Bxd3 10. cxd3 Nc6 11. 0-0 Bd4 12. Qg4 Kf8 13. Nc3 Bxe5 14. f4 Bd4+ 15. Kh1 f5 16. Qh3 Nf6 17. Nge2 Ng4 18. Nxd4 Nxd4 19. Be3 Nc2 20. Bc5+ Kg8 21. Rac1 b6 22. Bg1 Nb4 23. a3 Na6 24. b4 Kh7 25. Nb5 Rc8 26. Nxa7 Rxc1 27. Rxc1 Qd7 28. Nc6 Rc8 29. b5 Nc5 30. Qg3 Qe8 31. Bxc5 bxc5 32. Rxc5 Qxh5+ 33. Kg1 d4 34. b6 Ne3 35. b7 Qd1+ 36. Kh2 Nf1+ 37. Kh3 Nxg3 38. bxc8Q Nf1 39. Rxf5 Qxd3+ 40. Kh4 Qg3+ 41. Kh5 g6# 0-1

[Event "Titled Tuesday intern op 12th May"]
[Site "Chess.com INT"]
[Date "2020.05.12"]
[Round "6"]
[White "Javakhadze, Zurab"]
[Black "Wang, Michael Lei"]
[Result "1-0"]
[WhiteElo "2454"]
[BlackElo "1860"]
[PlyCount "39"]
[EventDate "2020.05.12"]
[EventType "swiss (blitz)"]
[EventRounds "10"]
[EventCountry "USA"]
[SourceTitle "EXT 2021"]
[Source "ChessBase"]
[SourceDate "2020.10.23"]
[SourceVersion "1"]
[SourceVersionDate "2020.10.23"]
[SourceQuality "1"]

1. c4 e6 2. g3 d5 3. Bg2 Nf6 4. Nf3 Be7 5. 0-0 0-0 6. b3 b6 7. Bb2 Bb7 8. e3 c5 9. Nc3 Nc6 10. cxd5 Nxd5 11. Nxd5 Qxd5 12. d4 Rfd8 13. Ne5 Qd6 14. Qh5 g6 15. Qf3 Nxe5 16. dxe5 Bxf3 17. exd6 Bf6 18. Bxf6 Bxg2 19. Kxg2 Rxd6 20. Rfd1 1-0

[Event "Titled Tuesday intern op 12th May"]
[Site "Chess.com INT"]
[Date "2020.05.12"]
[Round "4"]
[White "Wang, Michael Lei"]
[Black "Gurevich, Dmitry"]
[Result "1-0"]
[WhiteElo "1860"]
[BlackElo "2399"]
[PlyCount "85"]
[EventDate "2020.05.12"]
[EventType "swiss (blitz)"]
[EventRounds "10"]
[EventCountry "USA"]
[SourceTitle "EXT 2021"]
[Source "ChessBase"]
[SourceDate "2020.10.23"]
[SourceVersion "1"]
[SourceVersionDate "2020.10.23"]
[SourceQuality "1"]

1. d4 Nf6 2. c4 a6 3. Nf3 c5 4. d5 b5 5. Bg5 g6 6. Nbd2 Bg7 7. e4 0-0 8. Bd3 d6 9. 0-0 h6 10. Bxf6 Bxf6 11. Qc2 Nd7 12. cxb5 axb5 13. Bxb5 Ba6 14. Bxa6 Rxa6 15. a4 Qb6 16. Nc4 Qb4 17. Ne1 Rb8 18. Ra3 Ne5 19. Nxe5 Bxe5 20. Nd3 Qxe4 21. Re1 Qf5 22. Qe2 Bf6 23. b3 Rab6 24. Nc1 Rb4 25. a5 Ra8 26. a6 Rb6 27. Nd3 Qxd5 28. Nf4 Qc6 29. a7 Rb7 30. Ra6 Qb5 31. Qxb5 Rxb5 32. Nd5 Kg7 33. Nxe7 Bxe7 34. Rxe7 Rxb3 35. g3 d5 36. Rc7 c4 37. Rd6 Ra3 38. Rdd7 Rf8 39. Rxd5 c3 40. Rdd7 Kf6 41. Kg2 Ke6 42. Re7+ Kf6 43. Re3 1-0

[Event "Titled Tuesday intern op 7th April"]
[Site "Chess.com INT"]
[Date "2020.04.07"]
[Round "7"]
[White "Wang, Michael Lei"]
[Black "Shapiro, David"]
[Result "0-1"]
[WhiteElo "1860"]
[BlackElo "2392"]
[PlyCount "121"]
[EventDate "2020.04.07"]
[EventType "swiss (blitz)"]
[EventRounds "10"]
[EventCountry "USA"]
[SourceTitle "EXT 2021"]
[Source "ChessBase"]
[SourceDate "2020.10.23"]
[SourceVersion "1"]
[SourceVersionDate "2020.10.23"]
[SourceQuality "1"]

1. d4 d5 2. c4 Nc6 3. Nf3 Bg4 4. e3 e5 5. cxd5 Qxd5 6. Be2 exd4 7. Nc3 Bb4 8. exd4 Bxf3 9. Bxf3 Qc4 10. Bxc6+ Qxc6 11. 0-0 0-0-0 12. Qg4+ Kb8 13. d5 Qg6 14. Qxb4 Nf6 15. Bf4 Qf5 16. Qc4 Rd7 17. Rad1 g5 18. Bg3 h5 19. f4 h4 20. fxg5 Qxg5 21. Bf4 Qg6 22. h3 Rg8 23. Rf2 Qh5 24. d6 c6 25. Qd4 Ne8 26. Be3 b6 27. Ne4 f5 28. Nf6 Nxf6 29. Rdf1 Qg6 30. Kh1 Ne4 31. Bf4 Nxf2+ 32. Rxf2 Re8 33. Qd2 Kb7 34. a4 Qe6 35. Kh2 Qe1 36. Qc2 Re4 37. a5 Qxa5 38. Bg5 Qe5+ 39. Kg1 Qxd6 40. Rd2 Qe6 41. Rf2 Re1+ 42. Rf1 Rxf1+ 43. Kxf1 Qd5 44. Be3 Qd3+ 45. Qxd3 Rxd3 46. Ke2 Rb3 47. Bd4 c5 48. Be5 Kc6 49. Kf2 Kd5 50. Bf6 Ke4 51. Bxh4 Rxb2+ 52. Kg1 f4 53. Bf6 Rc2 54. h4 f3 55. gxf3+ Kxf3 56. h5 Rg2+ 57. Kh1 Rg3 58. Be5 Rh3+ 59. Kg1 Rxh5 60. Bb8 c4 61. Bxa7 0-1

[Event "Titled Tuesday intern op 7th April"]
[Site "Chess.com INT"]
[Date "2020.04.07"]
[Round "5"]
[White "Wang, Michael Lei"]
[Black "Smirnov, Timofey"]
[Result "0-1"]
[WhiteElo "1860"]
[BlackElo "2408"]
[PlyCount "98"]
[EventDate "2020.04.07"]
[EventType "swiss (blitz)"]
[EventRounds "10"]
[EventCountry "USA"]
[SourceTitle "EXT 2021"]
[Source "ChessBase"]
[SourceDate "2020.10.23"]
[SourceVersion "1"]
[SourceVersionDate "2020.10.23"]
[SourceQuality "1"]

1. d4 d5 2. c4 c6 3. Nf3 Nf6 4. Nc3 dxc4 5. a4 Bf5 6. Nh4 e6 7. Nxf5 exf5 8. e3 Nbd7 9. Bxc4 Nb6 10. Bd3 g6 11. 0-0 a5 12. Qe2 Bg7 13. b3 0-0 14. Bb2 Re8 15. Rfd1 Nfd5 16. Nxd5 Nxd5 17. Bc4 Qd7 18. Rac1 Re6 19. Bxd5 Qxd5 20. Qc4 Rd6 21. Ba3 Rd7 22. Qd3 Qe6 23. Rc4 Rad8 24. Rdc1 f4 25. Qd2 fxe3 26. fxe3 Bh6 27. Re1 Rd5 28. Rc5 Rxc5 29. Bxc5 Qxb3 30. Qxa5 Bxe3+ 31. Kh1 Rc8 32. Qb6 Qxb6 33. Bxb6 Bg5 34. g3 Ra8 35. a5 f5 36. Rb1 Bf6 37. Bc5 Rxa5 38. Rxb7 Ra4 39. Rd7 Rc4 40. Kg2 Rc3 41. Kh3 Rd3 42. Kg2 Rd2+ 43. Kh3 h5 44. Rd6 Kf7 45. Rxc6 g5 46. Rc7+ Kg6 47. g4 fxg4+ 48. Kg3 Kf5 49. h4 gxh4# 0-1

[Event "Titled Tuesday intern op 3rd Jan"]
[Site "Chess.com INT"]
[Date "2019.12.03"]
[Round "5"]
[White "Wang, Michael Lei"]
[Black "Alice, Mateus Felizardo Vi"]
[Result "0-1"]
[WhiteElo "1901"]
[BlackElo "2124"]
[PlyCount "108"]
[EventDate "2019.12.03"]
[EventType "swiss (blitz)"]
[EventRounds "10"]
[EventCountry "USA"]
[SourceTitle "EXT 2021"]
[Source "ChessBase"]
[SourceDate "2020.10.23"]
[SourceVersion "1"]
[SourceVersionDate "2020.10.23"]
[SourceQuality "1"]

1. d4 Nf6 2. c4 e6 3. Nc3 Bb4 4. e3 0-0 5. Nge2 b6 6. a3 Bxc3+ 7. Nxc3 Bb7 8. f3 d5 9. b3 Nbd7 10. Bb2 c5 11. Bd3 Rc8 12. 0-0 cxd4 13. exd4 dxc4 14. Bxc4 a6 15. a4 Nh5 16. d5 exd5 17. Nxd5 Bxd5 18. Qxd5 Nf4 19. Qd4 Qg5 20. g3 Nh3+ 21. Kg2 b5 22. axb5 axb5 23. Kxh3 bxc4 24. Qxd7 cxb3 25. Rfc1 Rcd8 26. Qg4 Qh6+ 27. Qh4 Qe6+ 28. g4 Rd2 29. Bc3 Rd3 30. Re1 Rxf3+ 31. Kg2 Qc6 32. Bxg7 Rf6+ 33. Kg1 Kxg7 34. g5 Qc5+ 35. Kh1 Rf2 36. Qe4 b2 37. Rab1 Rd8 38. h4 Rdd2 39. Qe5+ Qxe5 40. Rxe5 Rh2+ 41. Kg1 Rdg2+ 42. Kf1 Rc2 43. Kg1 Rhg2+ 44. Kf1 Rgd2 45. Ree1 Rf2+ 46. Kg1 Rg2+ 47. Kh1 Rh2+ 48. Kg1 Rxh4 49. Re7 Rg4+ 50. Kh1 Rc1+ 51. Re1 Rc2 52. Re5 Rd4 53. Ree1 Rdc4 54. Rg1 Rh4# 0-1

[Event "Titled Tuesday intern op 3rd Jan"]
[Site "Chess.com INT"]
[Date "2019.12.03"]
[Round "2"]
[White "Wang, Michael Lei"]
[Black "Wojtaszek, Radoslaw"]
[Result "0-1"]
[WhiteElo "1901"]
[BlackElo "2725"]
[PlyCount "74"]
[EventDate "2019.12.03"]
[EventType "swiss (blitz)"]
[EventRounds "10"]
[EventCountry "USA"]
[SourceTitle "EXT 2021"]
[Source "ChessBase"]
[SourceDate "2020.10.23"]
[SourceVersion "1"]
[SourceVersionDate "2020.10.23"]
[SourceQuality "1"]

1. d4 Nf6 2. c4 e6 3. Nc3 Bb4 4. e3 0-0 5. Nge2 Re8 6. a3 Bf8 7. Ng3 d5 8. Be2 b6 9. cxd5 exd5 10. 0-0 Bb7 11. b4 Nbd7 12. Bb2 a6 13. a4 Bxb4 14. Bf3 Nf8 15. Qb3 a5 16. Rac1 Ne6 17. Rfd1 Ng5 18. Be2 Qe7 19. Nb5 c6 20. Na3 c5 21. dxc5 bxc5 22. Nc2 Nge4 23. Nxe4 Nxe4 24. Bb5 Red8 25. Nxb4 axb4 26. Qd3 c4 27. Qe2 c3 28. Ba1 Qc5 29. Rd4 b3 30. Rxe4 dxe4 31. Rxc3 Qb4 32. h3 Ba6 33. Bxa6 Qxa4 34. Rc1 Qxa6 35. Qg4 Qxa1 36. Rxa1 Rxa1+ 37. Kh2 b2 0-1

[Event "Titled Tuesday intern op 7th March"]
[Site "Chess.com INT"]
[Date "2017.03.07"]
[Round "6"]
[White "Wang, Michael Lei"]
[Black "Maddens, Martijn"]
[Result "0-1"]
[WhiteElo "1921"]
[BlackElo "2227"]
[PlyCount "98"]
[EventDate "2017.03.07"]
[EventType "swiss (blitz)"]
[EventRounds "11"]
[EventCountry "USA"]
[SourceTitle "EXT 2021"]
[Source "ChessBase"]
[SourceDate "2020.10.23"]
[SourceVersion "1"]
[SourceVersionDate "2020.10.23"]
[SourceQuality "1"]

1. d4 d5 2. c4 e6 3. Nc3 c6 4. e4 dxe4 5. Nxe4 Bb4+ 6. Bd2 Qxd4 7. Bxb4 Qxe4+ 8. Be2 Na6 9. Ba3 c5 10. Nf3 Ne7 11. Qd6 Qc6 12. 0-0-0 Qxd6 13. Rxd6 Bd7 14. Ne5 Bc6 15. Nxc6 Nxc6 16. Bf3 Rd8 17. Bxc6+ bxc6 18. Rhd1 Rxd6 19. Rxd6 Nb4 20. Bxb4 cxb4 21. Rxc6 Kd7 22. Ra6 Ra8 23. Kc2 Kc7 24. Kb3 Kb7 25. Rd6 Kc7 26. Ra6 Kb7 27. Ra5 Rd8 28. Rg5 g6 29. Kxb4 Rd2 30. Kc3 Rxf2 31. a4 f5 32. b4 e5 33. c5 e4 34. h4 e3 35. Kd3 f4 36. h5 Rd2+ 37. Kc3 Ra2 38. hxg6 hxg6 39. Rxg6 Rf2 40. b5 e2 41. Re6 Rxg2 42. c6+ Kc8 43. a5 f3 44. b6 axb6 45. axb6 Rg8 46. Kd2 Rf8 47. Re3 f2 48. Ra3 e1Q+ 49. Kc2 Qe2+ 0-1

[Event "Titled Tuesday intern op 7th March"]
[Site "Chess.com INT"]
[Date "2017.03.07"]
[Round "4"]
[White "Wang, Michael Lei"]
[Black "Vrolijk, Liam"]
[Result "0-1"]
[WhiteElo "1921"]
[BlackElo "2371"]
[PlyCount "66"]
[EventDate "2017.03.07"]
[EventType "swiss (blitz)"]
[EventRounds "11"]
[EventCountry "USA"]
[SourceTitle "EXT 2021"]
[Source "ChessBase"]
[SourceDate "2020.10.23"]
[SourceVersion "1"]
[SourceVersionDate "2020.10.23"]
[SourceQuality "1"]

1. d4 Nf6 2. c4 e6 3. Nf3 d5 4. Nc3 c6 5. cxd5 exd5 6. Bg5 Be7 7. e3 Bf5 8. Nh4 Bg4 9. f3 Be6 10. Bd3 h6 11. Bxf6 Bxf6 12. Nf5 g6 13. Ng3 Nd7 14. 0-0 h5 15. Nge2 0-0 16. Qe1 Bh4 17. g3 Bg5 18. Qf2 Re8 19. e4 Bh3 20. Rfd1 dxe4 21. fxe4 Nf6 22. Bc4 Qc7 23. e5 Ng4 24. Qf3 Be3+ 25. Kh1 Nf2+ 26. Kg1 Nxd1+ 27. Kh1 Nf2+ 28. Kg1 Ng4+ 29. Kh1 b5 30. Bb3 Nf2+ 31. Kg1 Nd1+ 32. Kh1 Bg4 33. Qe4 Nf2+ 0-1

[Event "Titled Tuesday intern op1 5th April"]
[Site "Chess.com INT"]
[Date "2016.04.05"]
[Round "1"]
[White "Wang, Michael Lei"]
[Black "Riff, Jean Noel"]
[Result "0-1"]
[WhiteElo "1921"]
[BlackElo "2506"]
[PlyCount "119"]
[EventDate "2016.04.05"]
[EventType "swiss (blitz)"]
[EventRounds "9"]
[EventCountry "USA"]
[SourceTitle "EXT 2021"]
[Source "ChessBase"]
[SourceDate "2020.10.23"]
[SourceVersion "1"]
[SourceVersionDate "2020.10.23"]
[SourceQuality "1"]

1. d4 Nf6 2. c4 e6 3. Nf3 Bb4+ 4. Bd2 Qe7 5. g3 0-0 6. Bg2 Nc6 7. 0-0 Bxd2 8. Qxd2 d6 9. Nc3 e5 10. d5 Nb8 11. Ne1 Nbd7 12. f4 exf4 13. gxf4 Nc5 14. b4 Nce4 15. Qe3 Re8 16. Nxe4 Nxe4 17. Rc1 a5 18. a3 axb4 19. axb4 Ra2 20. Rc2 Ra4 21. Nd3 Bf5 22. Qd4 Nf6 23. c5 h5 24. cxd6 Qxd6 25. Rc5 Rxe2 26. Ne5 Raa2 27. Bf3 Rxh2 28. Nc4 Qe7 29. Qe5 Qxe5 30. fxe5 Ng4 31. Rxc7 Bd3 32. Rc1 Bxc4 33. R7xc4 Nxe5 34. Rc8+ Kh7 35. Be4+ g6 36. d6 Rhe2 37. Bd5 Rad2 38. Bxb7 Rxd6 39. R8c2 Rxc2 40. Rxc2 Rb6 41. Bd5 Rxb4 42. Rf2 Kg7 43. Bg2 Rb1+ 44. Bf1 Ng4 45. Rf3 f5 46. Kg2 Rb2+ 47. Kg3 Nh2 48. Rf4 Nxf1+ 49. Rxf1 Kf6 50. Ra1 Kg5 51. Rf1 Rb3+ 52. Kg2 h4 53. Kh1 Kh5 54. Rg1 g5 55. Rf1 f4 56. Rg1 h3 57. Rf1 Kh4 58. Ra1 g4 59. Ra4 Rb1+ 60. Kh2 0-1